01811 2200289 4500001002100000005001500021035002000036007000300056008004100059020001700100082001000117084001600127100003100143245004300174250002000217300003800237650001800275700003100293505103700324740002401361264003001385336002101415337003001436338002301466990001601489990001601505INLIS00000000000002720260409040136 a0010-0426000026ta260409 g 0 ind  a978979293163 a006.6 a006.6 LEE i0 aLee, ChristoperePengarang1 aipad for creativity /cChristopher Lee acetakan pertama a152 halaman :bilustrasi ;c23 cm 4aDesain Grafis0 aBenedicta RiniePenyunting aMinggir Photoshop! Berikan tempat untuk aplikasi iPad untuk kreativitas dan fotografi. Apa yang kurang dalam iPad dengan fitur Photoshopyang telah lengkap dengan menyediakan berbagai macam aplikasi yang Anda dapat gunakan untuk kreativitas, foto retouching, dan menggambar. Sekarang dengan iPad 2, Anda dapat mengambil foto teman atau keluarga dan melakukan foto editing dan retouching kreatif dengan app fotografi yang tersedia di App Store. iPad for Creativity penuh dengan petualangan menarik dalam fotografi dan kreativitas dengan iPad Anda. Anda akan belajar bagaimana melakukan foto retouching dasar dengan Touch FX, Photoshop Express, Effects HD, Foto Editor, dan CameraBag. Anda pun akan melanjutkan dengan menguasai teknik pengeditan/foto retouching mahir, seperti color range, curves, color levels, histogram, white balancing, tone mapping, noise reduction, red eye tool, healing/cloning tool, dodge, burn dan sponge tool dan masking dengan menggunakan 3 aplikasi fotografi terbaikPhotoPad, Photogene, dan FilterStorm. aipad for creativity aYogyakarta :bANDI,c2012 2rdacontentateks 2rdamediaatanpa perantara 2rdacarrieravolume aPP000058/19 aPP000059/19